Изучение остаточной водонасыщенности терригенных коллекторов геофизическими методами; Проблемы геологии и освоения недр; Т. 1

Bibliographic Details
Parent link:Проблемы геологии и освоения недр: труды X Международного симпозиума имени академика М. А. Усова студентов и молодых ученых, посвященного 100-летию первого выпуска сибирских инженеров и 110-летию основания ТПУ; г. Томск, 3-8 апреля 2006 г./ Томский политехнический университет (ТПУ); Институт геологии и нефтегазового дела; под ред. В. А. Домаренко.— , 2007
Т. 1.— 2007.— С. 237-239
Main Author: Белозёров Б. В. Борис Владимирович
Other Authors: Номоконова Г. Г. (научный руководитель)
Language:Russian
Published: 2007
Subjects:
Format: Book Chapter
KOHA link:https://koha.lib.tpu.ru/cgi-bin/koha/opac-detail.pl?biblionumber=126629

MARC

LEADER 00000naa2a2200000 4500
001 126629
005 20231031131931.0
035 |a (RuTPU)RU\TPU\book\136986 
090 |a 126629 
100 |a 20071129d2007 k y0rusy50 ca 
101 0 |a rus 
102 |a RU 
200 1 |a Изучение остаточной водонасыщенности терригенных коллекторов геофизическими методами  |f Б. В. Белозёров  |g науч. рук. Г. Г. Номоконова 
320 |a Библиогр.: 1 назв. 
461 0 |0 (RuTPU)RU\TPU\book\132777  |t Проблемы геологии и освоения недр  |o труды X Международного симпозиума имени академика М. А. Усова студентов и молодых ученых, посвященного 100-летию первого выпуска сибирских инженеров и 110-летию основания ТПУ; г. Томск, 3-8 апреля 2006 г.  |f Томский политехнический университет (ТПУ); Институт геологии и нефтегазового дела; под ред. В. А. Домаренко  |d 2007 
463 0 |0 (RuTPU)RU\TPU\book\93780  |t Т. 1  |v С. 237-239  |d 2007  |p 294 с. 
610 1 |a коллекторы 
610 1 |a терригенные коллекторы 
610 1 |a водонасыщенность 
610 1 |a геофизические методы 
610 1 |a труды учёных ТПУ 
700 1 |a Белозёров  |b Б. В.  |c российский геолог  |c инженер Томского политехнического университета  |f 1985-  |g Борис Владимирович  |2 stltpush  |3 (RuTPU)RU\TPU\pers\27286 
702 1 |a Номоконова  |b Г. Г.  |4 727 
801 1 |a RU  |b 63413507  |c 20071129  |g PSBO 
801 2 |a RU  |b 63413507  |c 20200713  |g RCR 
942 |c BK